Оборудование и технологии добычи нефти в осложненных условиях: учебное пособие

Dades bibliogràfiques
Autor principal: Мохов М. А. Михаил Альбертович
Autor corporatiu: Российский государственный университет нефти и газа им. И. М. Губкина (РГУ Нефти и Газа)
Altres autors: Сахаров В. А. Виктор Александрович (редактор), Хабибуллин Х. Х Хасан Хуриятович, Мищенко И. Т.
Sumari:Проблема эксплуатации добывающих скважин с осложненными условиями требует проведения большого объема аналитических, лабораторных и промысловых исследований, направленных на совершенствование технических средств эксплуатации скважин, разработку новых технологий, освоение машиностроительными заводами созданного оборудования с оценкой эффективности работы погружных устройств и технологических процессов. Поэтому решение задач, связанных с проблемой эксплуатации скважин с осложненными условиями позволит обеспечить увеличение добычи нефти, вовлечь в разработку истощенные месторождения с трудноизвле-каемыми запасами, увеличить срок разработки месторождений и месторождения с высокой степенью обводнения. Изложенные в работе технологии и оборудование для эксплуатации нефтяных скважин с осложненными условиями позволяют уже сегодня эффективно вести процесс добычи нефти из скважин со сложными характеристиками многофазного гидрожидкостного потока, увеличить добычу нефти из истощенных залежей, снизить обводненность добываемой продукции, увеличить коэффициент нефтеизвлечения. Книга предназначена для студентов и магистрантов вузов нефтегазового профиля, а также для инженерных работников нефтедобывающей
Idioma:rus
Publicat: Москва, Недра, 2010
Matèries:
Format: Llibre
KOHA link:https://koha.lib.tpu.ru/cgi-bin/koha/opac-detail.pl?biblionumber=196412

MARC

LEADER 00000nam0a2200000 4500
001 196412
005 20231101224706.0
010 |a 9785836503604 
035 |a (RuTPU)RU\TPU\book\214274 
090 |a 196412 
100 |a 20110524d2010 m y0rusy50 ca 
101 0 |a rus 
102 |a RU 
105 |a a j 001zy 
200 1 |a Оборудование и технологии добычи нефти в осложненных условиях  |e учебное пособие  |f М. А. Мохов, В. А. Сахаров, Х. Х Хабибуллин  |g Российский государственный университет нефти и газа им. И. М. Губкина (РГУ Нефти и Газа); под ред. И. Т. Мищенко 
210 |a Москва  |c Недра  |d 2010 
215 |a 197 с.  |c ил. 
320 |a Библиогр.: с. 189-196. 
330 |a Проблема эксплуатации добывающих скважин с осложненными условиями требует проведения большого объема аналитических, лабораторных и промысловых исследований, направленных на совершенствование технических средств эксплуатации скважин, разработку новых технологий, освоение машиностроительными заводами созданного оборудования с оценкой эффективности работы погружных устройств и технологических процессов. Поэтому решение задач, связанных с проблемой эксплуатации скважин с осложненными условиями позволит обеспечить увеличение добычи нефти, вовлечь в разработку истощенные месторождения с трудноизвле-каемыми запасами, увеличить срок разработки месторождений и месторождения с высокой степенью обводнения. Изложенные в работе технологии и оборудование для эксплуатации нефтяных скважин с осложненными условиями позволяют уже сегодня эффективно вести процесс добычи нефти из скважин со сложными характеристиками многофазного гидрожидкостного потока, увеличить добычу нефти из истощенных залежей, снизить обводненность добываемой продукции, увеличить коэффициент нефтеизвлечения. Книга предназначена для студентов и магистрантов вузов нефтегазового профиля, а также для инженерных работников нефтедобывающей 
512 1 |a На обложке: Технологии и оборудование добычи нефти в осложненных условиях 
606 1 |a Нефтедобыча  |x Осложнения  |2 stltpush  |3 (RuTPU)RU\TPU\subj\42136  |9 61867 
610 1 |a нефтяные месторождения 
610 1 |a разработка 
610 1 |a вибрационные методы 
610 1 |a нефтяные пласты 
610 1 |a воздействие 
610 1 |a виброисточники 
610 1 |a промысловые исследования 
610 1 |a виброволновые воздействия 
610 1 |a нефтяные залежи 
610 1 |a установки 
610 1 |a технологии 
610 1 |a эксплуатация 
610 1 |a твердые отложения 
610 1 |a вещественный состав 
610 1 |a природа 
610 1 |a причины 
610 1 |a механические примеси 
610 1 |a повышенное содержание 
610 1 |a соли 
610 1 |a солевые отложения 
610 1 |a газосепараторы 
610 1 |a погружные центробежные насосы 
610 1 |a прием 
610 1 |a выкид 
610 1 |a давление 
610 1 |a расчетные методы 
610 1 |a учебные пособия 
675 |a 622.276(075.8)  |v 3 
700 1 |a Мохов  |b М. А.  |g Михаил Альбертович 
701 1 |a Сахаров  |b В. А.  |g Виктор Александрович 
701 1 |a Хабибуллин  |b Х. Х  |g Хасан Хуриятович 
702 1 |a Мищенко  |b И. Т.  |4 340 
712 0 2 |a Российский государственный университет нефти и газа им. И. М. Губкина (РГУ Нефти и Газа)  |c (Москва)  |c (1998- )  |2 stltpush  |3 (RuTPU)RU\TPU\col\408 
801 1 |a RU  |b 63413507  |c 20110524 
801 2 |a RU  |b 63413507  |c 20140707  |g RCR 
900 |a Оборудование для добычи нефти 
900 |a Нефтегазопромысловое оборудование 
900 |a Эксплуатация нефтяных и газовых скважин в осложненных условиях 
942 |c BK 
951 |b 131000